000 00672nam a22002417a 4500
001 sjds
003 sjds
005 20221220111230.0
008 221220b sp ||||| |||| 00| 0 spa d
020 _a9788434854833
020 _a843485483X
040 _csjds
041 _aspa
100 1 _aValat, Pierre-Marie
245 1 3 _aLa Navidad /
_cPierre-Marie Valat, Gallimard Jeunesse (Publisher)
246 _aLa Navidad
260 _aMadrid :
_bEdiciones SM,
_cc1997
300 _a 1 volume (unpaged) :
_bcolor illustrations ;
_c19 cm
440 _a Mundo maravilloso
500 _a "De 3 a 7 anos"--Page 4 of cover.
710 _aGallimard Jeunesse
942 _cBK
999 _c27572
_d27572